Landmarks: Seattle or Portland? Quiz Stats

 Plays Quiz Updated Jan 28, 2018

Score 0/30 Timer 04:00
0 Plays Today
Place (S)eattle or (P)ortland % Correct
Space Needle???
94.4%
Starbucks Center???
92.2%
Willamette River???
89.4%
Puget Sound???
89.1%
Pike Place Market???
88.1%
CenturyLink Field???
84.8%
'Keep ________ Weird' sign in Old Town???
83.8%
Reed College???
82.1%
Pacific Science Center???
81.1%
Safeco Plaza???
80.3%
[City] Center Monorail???
79.7%
Burnside Bridge???
78.3%
Pittock Mansion???
77.1%
Powell's Books???
76.5%
Tualatin Mountains???
76.1%
Place (S)eattle or (P)ortland % Correct
Voodoo Doughnut???
75.3%
Museum of Pop Culture (EMP)???
74%
Queen Anne Hill???
73.6%
International Rose Test Garden???
73.4%
Pearl District???
72.1%
Lake Union???
71.4%
KOIN Center???
71.2%
World Forestry Center???
69.7%
Mount Tabor???
69.3%
Gas Works Park???
68.2%
Moda Center???
65.6%
Market Theater Gum Wall???
62.5%
Alberta Arts District???
62.1%
Klondike Gold Rush National Historic Park???
62.1%
Vladimir Lenin statue???
58.1%

You're not logged in!

Compare scores with friends on all Sporcle quizzes.
OR
Log In

You Might Also Like...

Show Comments

Extras

Top Quizzes Today


Score Distribution

Your Account Isn't Verified!

In order to create a playlist on Sporcle, you need to verify the email address you used during registration. Go to your Sporcle Settings to finish the process.

Report this User

Report this user for behavior that violates our Community Guidelines.

Details: